<?xml version="1.0" encoding="UTF-8"?>
<record
    xmlns:xsi="http://www.w3.org/2001/XMLSchema-instance"
    xsi:schemaLocation="http://www.loc.gov/MARC21/slim http://www.loc.gov/standards/marcxml/schema/MARC21slim.xsd"
    xmlns="http://www.loc.gov/MARC21/slim">

  <leader>03455nam a22003851  4500</leader>
  <controlfield tag="005">20050808122104.0</controlfield>
  <controlfield tag="008">721219s1962    nyu           000 0 eng  </controlfield>
  <datafield tag="010" ind1=" " ind2=" ">
    <subfield code="a">B-340664-674</subfield>
  </datafield>
  <datafield tag="020" ind1=" " ind2=" ">
    <subfield code="a">9788170005520</subfield>
    <subfield code="c">725.00</subfield>
  </datafield>
  <datafield tag="035" ind1=" " ind2=" ">
    <subfield code="a">B-340664-674</subfield>
  </datafield>
  <datafield tag="037" ind1=" " ind2=" ">
    <subfield code="b">Ess Ess Publications</subfield>
  </datafield>
  <datafield tag="040" ind1=" " ind2=" ">
    <subfield code="a">dpl</subfield>
    <subfield code="b">English </subfield>
  </datafield>
  <datafield tag="082" ind1=" " ind2=" ">
    <subfield code="a">519.5 </subfield>
  </datafield>
  <datafield tag="100" ind1=" " ind2=" ">
    <subfield code="a">Vaughan, Liwen</subfield>
  </datafield>
  <datafield tag="245" ind1=" " ind2=" ">
    <subfield code="a">Statistical methods for the information professional :</subfield>
    <subfield code="c">by Liwen Vaughan /</subfield>
    <subfield code="b">a practical painless approach to understanding, using and interpreting statistics /</subfield>
  </datafield>
  <datafield tag="260" ind1=" " ind2=" ">
    <subfield code="a">New Delhi</subfield>
    <subfield code="b">Ess Ess Publications</subfield>
    <subfield code="c">2009</subfield>
  </datafield>
  <datafield tag="270" ind1=" " ind2=" ">
    <subfield code="a">4837/24, Ansari Road, Daryaganj,</subfield>
    <subfield code="b">New Delhi</subfield>
    <subfield code="e">110 002</subfield>
    <subfield code="k">23260807,41563444</subfield>
    <subfield code="l">41563334</subfield>
    <subfield code="m">info@essessreference.com</subfield>
  </datafield>
  <datafield tag="300" ind1=" " ind2=" ">
    <subfield code="a">xxi,209 p.</subfield>
    <subfield code="c">23 cm. (Hb) </subfield>
  </datafield>
  <datafield tag="490" ind1=" " ind2=" ">
    <subfield code="a">ASIST monograph series</subfield>
  </datafield>
  <datafield tag="500" ind1=" " ind2=" ">
    <subfield code="a">includes bibliographical references &amp; index</subfield>
  </datafield>
  <datafield tag="650" ind1=" " ind2=" ">
    <subfield code="a">Commercial statistics</subfield>
  </datafield>
  <datafield tag="942" ind1=" " ind2=" ">
    <subfield code="2">ddc</subfield>
    <subfield code="c">EN</subfield>
    <subfield code="m">VAU</subfield>
    <subfield code="h">519.5 </subfield>
  </datafield>
  <datafield tag="999" ind1=" " ind2=" ">
    <subfield code="c">24422</subfield>
    <subfield code="d">24422</subfield>
  </datafield>
  <datafield tag="952" ind1=" " ind2=" ">
    <subfield code="0">0</subfield>
    <subfield code="1">0</subfield>
    <subfield code="2">ddc</subfield>
    <subfield code="4">0</subfield>
    <subfield code="7">0</subfield>
    <subfield code="8">NFIC</subfield>
    <subfield code="a">L</subfield>
    <subfield code="b">L</subfield>
    <subfield code="d">2009-07-22</subfield>
    <subfield code="e">Ess Ess Publications/16830/8.6.09/36/5.6.09/17.6.09</subfield>
    <subfield code="g">725.00</subfield>
    <subfield code="l">0</subfield>
    <subfield code="o">519.5  VAU</subfield>
    <subfield code="p">B-340664</subfield>
    <subfield code="r">2009-07-22 00:00:00</subfield>
    <subfield code="t">1</subfield>
    <subfield code="v">725.00</subfield>
    <subfield code="w">2009-07-22</subfield>
    <subfield code="y">EN</subfield>
  </datafield>
  <datafield tag="952" ind1=" " ind2=" ">
    <subfield code="0">0</subfield>
    <subfield code="1">0</subfield>
    <subfield code="2">ddc</subfield>
    <subfield code="4">0</subfield>
    <subfield code="7">0</subfield>
    <subfield code="8">NFIC</subfield>
    <subfield code="a">BL1</subfield>
    <subfield code="b">BL1</subfield>
    <subfield code="d">2009-07-22</subfield>
    <subfield code="e">Ess Ess Publications/16830/8.6.09/36/5.6.09/17.6.09</subfield>
    <subfield code="g">725.00</subfield>
    <subfield code="l">0</subfield>
    <subfield code="o">519.5  VAU</subfield>
    <subfield code="p">B-340665</subfield>
    <subfield code="r">2009-07-22 00:00:00</subfield>
    <subfield code="t">1</subfield>
    <subfield code="v">725.00</subfield>
    <subfield code="w">2009-07-22</subfield>
    <subfield code="y">EN</subfield>
  </datafield>
  <datafield tag="952" ind1=" " ind2=" ">
    <subfield code="0">0</subfield>
    <subfield code="1">0</subfield>
    <subfield code="2">ddc</subfield>
    <subfield code="4">0</subfield>
    <subfield code="7">0</subfield>
    <subfield code="8">NFIC</subfield>
    <subfield code="a">KGM</subfield>
    <subfield code="b">KGM</subfield>
    <subfield code="d">2009-07-22</subfield>
    <subfield code="e">Ess Ess Publications/16830/8.6.09/36/5.6.09/17.6.09</subfield>
    <subfield code="g">725.00</subfield>
    <subfield code="l">0</subfield>
    <subfield code="o">519.5  VAU</subfield>
    <subfield code="p">B-340666</subfield>
    <subfield code="r">2009-07-22 00:00:00</subfield>
    <subfield code="t">1</subfield>
    <subfield code="v">725.00</subfield>
    <subfield code="w">2009-07-22</subfield>
    <subfield code="y">EN</subfield>
  </datafield>
  <datafield tag="952" ind1=" " ind2=" ">
    <subfield code="0">0</subfield>
    <subfield code="1">0</subfield>
    <subfield code="2">ddc</subfield>
    <subfield code="4">0</subfield>
    <subfield code="7">0</subfield>
    <subfield code="8">NFIC</subfield>
    <subfield code="a">PR</subfield>
    <subfield code="b">PR</subfield>
    <subfield code="d">2009-07-22</subfield>
    <subfield code="e">Ess Ess Publications/16830/8.6.09/36/5.6.09/17.6.09</subfield>
    <subfield code="g">725.00</subfield>
    <subfield code="l">0</subfield>
    <subfield code="o">519.5  VAU</subfield>
    <subfield code="p">B-340667</subfield>
    <subfield code="r">2009-07-22 00:00:00</subfield>
    <subfield code="t">1</subfield>
    <subfield code="v">725.00</subfield>
    <subfield code="w">2009-07-22</subfield>
    <subfield code="y">EN</subfield>
  </datafield>
  <datafield tag="952" ind1=" " ind2=" ">
    <subfield code="0">4</subfield>
    <subfield code="1">0</subfield>
    <subfield code="2">ddc</subfield>
    <subfield code="4">0</subfield>
    <subfield code="7">0</subfield>
    <subfield code="8">NFIC</subfield>
    <subfield code="a">TN</subfield>
    <subfield code="b">TN</subfield>
    <subfield code="d">2009-07-22</subfield>
    <subfield code="e">Ess Ess Publications/16830/8.6.09/36/5.6.09/17.6.09</subfield>
    <subfield code="g">725.00</subfield>
    <subfield code="l">0</subfield>
    <subfield code="o">519.5  VAU</subfield>
    <subfield code="p">B-340668</subfield>
    <subfield code="r">2009-07-22 00:00:00</subfield>
    <subfield code="t">1</subfield>
    <subfield code="v">725.00</subfield>
    <subfield code="y">EN</subfield>
  </datafield>
  <datafield tag="952" ind1=" " ind2=" ">
    <subfield code="0">0</subfield>
    <subfield code="1">0</subfield>
    <subfield code="2">ddc</subfield>
    <subfield code="4">0</subfield>
    <subfield code="7">0</subfield>
    <subfield code="8">NFIC</subfield>
    <subfield code="a">JP</subfield>
    <subfield code="b">JP</subfield>
    <subfield code="d">2009-07-22</subfield>
    <subfield code="e">Ess Ess Publications/16830/8.6.09/36/5.6.09/17.6.09</subfield>
    <subfield code="g">725.00</subfield>
    <subfield code="l">11</subfield>
    <subfield code="m">1</subfield>
    <subfield code="o">519.5  VAU</subfield>
    <subfield code="p">B-340669</subfield>
    <subfield code="r">2020-12-29 00:00:00</subfield>
    <subfield code="s">2020-12-19</subfield>
    <subfield code="t">1</subfield>
    <subfield code="v">725.00</subfield>
    <subfield code="w">2009-07-22</subfield>
    <subfield code="y">EN</subfield>
  </datafield>
  <datafield tag="952" ind1=" " ind2=" ">
    <subfield code="0">0</subfield>
    <subfield code="1">0</subfield>
    <subfield code="2">ddc</subfield>
    <subfield code="4">0</subfield>
    <subfield code="7">0</subfield>
    <subfield code="8">NFIC</subfield>
    <subfield code="a">ZLS</subfield>
    <subfield code="b">ZLS</subfield>
    <subfield code="d">2009-07-22</subfield>
    <subfield code="e">Ess Ess Publications/16830/8.6.09/36/5.6.09/17.6.09</subfield>
    <subfield code="g">725.00</subfield>
    <subfield code="l">17</subfield>
    <subfield code="m">7</subfield>
    <subfield code="o">519.5  VAU</subfield>
    <subfield code="p">B-340670</subfield>
    <subfield code="r">2015-07-28 00:00:00</subfield>
    <subfield code="s">2015-07-07</subfield>
    <subfield code="t">1</subfield>
    <subfield code="v">725.00</subfield>
    <subfield code="w">2009-07-22</subfield>
    <subfield code="y">EN</subfield>
  </datafield>
  <datafield tag="952" ind1=" " ind2=" ">
    <subfield code="0">0</subfield>
    <subfield code="1">0</subfield>
    <subfield code="2">ddc</subfield>
    <subfield code="4">0</subfield>
    <subfield code="7">0</subfield>
    <subfield code="8">NFIC</subfield>
    <subfield code="a">VP</subfield>
    <subfield code="b">VP</subfield>
    <subfield code="d">2009-07-22</subfield>
    <subfield code="e">Ess Ess Publications/16830/8.6.09/36/5.6.09/17.6.09</subfield>
    <subfield code="g">725.00</subfield>
    <subfield code="l">8</subfield>
    <subfield code="m">1</subfield>
    <subfield code="o">519.5  VAU</subfield>
    <subfield code="p">B-340671</subfield>
    <subfield code="r">2018-12-03 00:00:00</subfield>
    <subfield code="s">2018-11-05</subfield>
    <subfield code="t">1</subfield>
    <subfield code="v">725.00</subfield>
    <subfield code="w">2009-07-22</subfield>
    <subfield code="y">EN</subfield>
  </datafield>
  <datafield tag="952" ind1=" " ind2=" ">
    <subfield code="0">0</subfield>
    <subfield code="1">0</subfield>
    <subfield code="2">ddc</subfield>
    <subfield code="4">0</subfield>
    <subfield code="7">0</subfield>
    <subfield code="8">NFIC</subfield>
    <subfield code="a">NR</subfield>
    <subfield code="b">NR</subfield>
    <subfield code="d">2009-07-22</subfield>
    <subfield code="e">Ess Ess Publications/16830/8.6.09/36/5.6.09/17.6.09</subfield>
    <subfield code="g">725.00</subfield>
    <subfield code="l">0</subfield>
    <subfield code="o">519.5  VAU</subfield>
    <subfield code="p">B-340672</subfield>
    <subfield code="r">2009-07-22 00:00:00</subfield>
    <subfield code="t">1</subfield>
    <subfield code="v">725.00</subfield>
    <subfield code="w">2009-07-22</subfield>
    <subfield code="y">EN</subfield>
  </datafield>
  <datafield tag="952" ind1=" " ind2=" ">
    <subfield code="0">0</subfield>
    <subfield code="1">0</subfield>
    <subfield code="2">ddc</subfield>
    <subfield code="4">0</subfield>
    <subfield code="7">0</subfield>
    <subfield code="8">NFIC</subfield>
    <subfield code="a">BN</subfield>
    <subfield code="b">BN</subfield>
    <subfield code="d">2009-07-22</subfield>
    <subfield code="e">Ess Ess Publications/16830/8.6.09/36/5.6.09/17.6.09</subfield>
    <subfield code="g">725.00</subfield>
    <subfield code="l">3</subfield>
    <subfield code="m">2</subfield>
    <subfield code="o">519.5  VAU</subfield>
    <subfield code="p">B-340673</subfield>
    <subfield code="r">2023-12-28 00:00:00</subfield>
    <subfield code="s">2023-12-02</subfield>
    <subfield code="t">1</subfield>
    <subfield code="v">725.00</subfield>
    <subfield code="w">2009-07-22</subfield>
    <subfield code="y">EN</subfield>
  </datafield>
  <datafield tag="952" ind1=" " ind2=" ">
    <subfield code="0">2</subfield>
    <subfield code="1">0</subfield>
    <subfield code="2">ddc</subfield>
    <subfield code="4">0</subfield>
    <subfield code="7">0</subfield>
    <subfield code="8">NFIC</subfield>
    <subfield code="a">BL4</subfield>
    <subfield code="b">BL4</subfield>
    <subfield code="d">2009-07-22</subfield>
    <subfield code="e">Ess Ess Publications/16830/8.6.09/36/5.6.09/17.6.09</subfield>
    <subfield code="g">725.00</subfield>
    <subfield code="l">0</subfield>
    <subfield code="o">519.5  VAU</subfield>
    <subfield code="p">B-340674</subfield>
    <subfield code="r">2009-07-22 00:00:00</subfield>
    <subfield code="t">1</subfield>
    <subfield code="v">725.00</subfield>
    <subfield code="y">EN</subfield>
  </datafield>
</record>
